000 00325nam a22001337a 4500
008 170621b xxu||||| |||| 00| 0 eng d
020 _a0130184993
041 _aeng
080 _a32
100 _a20
101 _aSHP
245 _aTHE AGE OF IDEOLOGY-POLITICAL THOUGHT, 1750 TO THE PRESENT
_cKRAMNICK, U
942 _2udc
_cBK
999 _c18517
_d18517